| LEADER |
00829nam0a2200205 450 |
| 001 |
16868173 |
| 010 |
|
|
|a 978-2-203-12441-7
|b rel.
|d 6,5
|
| 100 |
|
|
|a 20260331d2026 u u0frey01 ba
|
| 101 |
0 |
|
|a fre
|
| 102 |
|
|
|a BE
|
| 200 |
0 |
|
|a Père Noël
|f Hélène Chetaud
|
| 207 |
|
1 |
|a
|
| 210 |
|
|
|a Tournai (Belgique)
|b 28 Rue des Soeurs Noires.
|c Casterman
|d DL 2017
|
| 215 |
|
|
|a 1 vol. (non paginé [12] p.)
|c ill. en coul.
|d 11 cm
|
| 300 |
|
|
|a Livre cartonné
|
| 330 |
|
|
|a Père Noël est grognon. Distribuer les cadeaux, ce n'est pas de tout repos ! Heureusement que son ami renne est là pour lui rappeler qu'il a le plus beau métier du monde...
|
| 700 |
|
0 |
|a Chetaud
|b Hélène
|c Illustrateur
|4 70
|
| 900 |
|
|
|a Album
|
| 901 |
|
|
|a Jeunesse
|
| 995 |
|
|
|a Médiathèque
|c Médiathèque
|f 089021814
|h 089021814
|k A CHE BB
|o p
|q j
|r az
|e Médiathèque
|